| 000 | 01108cam a2200361 a 4500 | ||
|---|---|---|---|
| 999 |
_c531423 _d531423 |
||
| 001 | 15012215 | ||
| 003 | NUST | ||
| 005 | 20191016103155.0 | ||
| 008 | 070919r20071900pk b 001 0deng | ||
| 010 | _a 2007432766 | ||
| 020 | _a9789693519136 | ||
| 020 | _a9693519132 | ||
| 025 | _aP-E-2007432766 ; 20 | ||
| 038 | _aMSOHAIL | ||
| 040 |
_aDLC _cDLC |
||
| 042 | _alcode | ||
| 043 | _aa-pk--- | ||
| 050 | 0 | 0 |
_aDS392.K49 _bW37 2007 |
| 082 |
_a954.9123 _bWAR |
||
| 100 | 1 |
_aWarburton, Robert, _cSir, _d1842-1899. _95382 |
|
| 245 | 1 | 0 |
_aEighteen years in the Khyber, 1879-1898 / _cRobert Warburton. |
| 246 | 3 | _a18 years in the Khyber, 1879-1898 | |
| 246 | 3 | _aKhyber | |
| 260 |
_aLahore : _bSang-e-Meel Publications, _c2007. |
||
| 300 |
_a294 p. : _b1 folded map ; _c23 cm. |
||
| 500 | _aOriginally published: London : J. Murray, 1900. | ||
| 500 | _aIncludes index. | ||
| 600 | 1 | 0 |
_aWarburton, Robert, _cSir, _d1842-1899. _95382 |
| 651 | 0 |
_aKhyber (Pakistan) _xHistory. _95383 |
|
| 906 |
_a7 _bcbc _corigode _d3 _encip _f20 _gy-gencatlg |
||
| 942 |
_2ddc _cBK |
||